| 000 | 00607nam a2200169 4500 | ||
|---|---|---|---|
| 008 | 060906s1966 hk chi | ||
| 090 |
_aBR1065 _bH85g |
||
| 100 | 1 | _aHsu, Silas C. T. | |
| 245 | 1 | 0 |
_aGeneral survey of Christian church and isms in ancient and modern Asia {ch} / _cSilas C.T. Hsu. |
| 260 |
_aHong Kong : _bSheng Tao Press, _cc1966. |
||
| 300 |
_a100 p. : _bill. |
||
| 650 | 4 |
_aChristianity _xAsia {ch}. |
|
| 650 | 4 | _aChurch history {ch}. | |
| 651 | 4 |
_aAsia _xChurch history {ch}. |
|
| 651 | 4 |
_aAsia _xReligion {ch} |
|
| 951 |
_pC-7912 _x00033612 _oBR1065/H85g _j070613111612218 _d2000-12-21 _cSP-C CH |
||
| 999 |
_c27643 _d27643 |
||